Trendy v oblasti právní ochrany spotřebitele

Historický pohľad na vznik spotrebiteľského práva. Právna ochrana spotrebiteľov v Európskej únii. Právna ochrana spotrebiteľa na finančných trhoch. Situácia v Českej republike. Zmeny v právnej ochrane spotrebiteľa na trhoch spotrebiteľských úverov v EÚ a Českej republike.

Uložené v:
Podrobná bibliografia
Hlavný autor: Mráčková, Jitka
Médium: Kapitola
Jazyk:Czech
Predmet:
Tagy: Pridať tag
Žiadne tagy, Buďte prvý, kto otaguje tento záznam!

MARC

LEADER 00000naa a2200000 4500
001 0124842
005 20220713131333.3
041 0 |a cze 
044 |a CZ 
245 1 0 |a Trendy v oblasti právní ochrany spotřebitele  |c Jitka Mráčková 
520 |a Historický pohľad na vznik spotrebiteľského práva. Právna ochrana spotrebiteľov v Európskej únii. Právna ochrana spotrebiteľa na finančných trhoch. Situácia v Českej republike. Zmeny v právnej ochrane spotrebiteľa na trhoch spotrebiteľských úverov v EÚ a Českej republike. 
610 2 0 |a Európska únia 
610 2 0 |a ochrana spotrebiteľa 
610 2 0 |a trh finančný 
610 2 0 |a Česko 
610 2 0 |a úpravy právne 
610 2 0 |a úver spotrebiteľský 
100 1 |a Mráčková, Jitka